000 00494nam a2200181Ia 4500
001 20552
005 20260306172814.0
008 260306t2013||||xx |||||||||||||| ||spa||
041 _aESP
082 _a343.4
_bF48
100 _aFigueroa Gutarra, Edwin
_eAUT
245 0 _aLas sentencias del poder judicial sobre amparo:
_bhábeas corpues, hábeas data y cumplimiento
260 _c2013
300 _a342 páginas :
_c24 cm.
650 _aGEN
654 _aCDE
942 _cLIB
_dJUS
_fJUS
_2ddc
_n
999 _c20552
_d20552